[Event "C.to Unione Europea U10"]
[Site "Mureck AUT"]
[Date "2006.08.11"]
[Round "3"]
[White "Antal, Tibor Kende"]
[Black "Visentin, Pietro"]
[Result "1-0"]
[WhiteElo "1905"]
[BlackElo "1419"]
[PlyCount "77"]
[EventDate "2006.08.09"]

1. e4 c5 2. Nf3 d6 3. d4 cxd4 4. Nxd4 Nf6 5. Nc3 a6 6. Be3 e6 7. Be2 Be7 8. O-O
O-O 9. f4 Qc7 10. Kh1 Nbd7 11. f5 e5 12. Nb3 b5 13. a3 Bb7 14. Bf3 Bc6 15. Qe2
Nb6 16. Bxb6 Qxb6 17. g4 Rad8 18. Rad1 a5 19. Qg2 b4 20. axb4 axb4 21. Ne2 Qb7
22. Na5 Qa8 23. Nxc6 Qxc6 24. g5 Nd7 25. f6 Nxf6 26. gxf6 Bxf6 27. c3 bxc3 28.
bxc3 Qc4 29. Rg1 Rfe8 30. Rdf1 g6 31. Qf2 Bg7 32. h4 Qe6 33. Bg4 Qe7 34. h5 Rf8
35. Qh2 Qg5 36. hxg6 fxg6 37. Be6+ Kh8 38. Rxf8+ Rxf8 39. Rxg5 1-0

[Event "I Open"]
[Site "Bolzano - Bozen ITA"]
[Date "2006.05.20"]
[Round "1"]
[White "Bernardi, Ruben"]
[Black "Wendel, Liu"]
[Result "1-0"]
[WhiteElo "2119"]
[BlackElo "1461"]
[PlyCount "43"]
[EventDate "2006.05.20"]

1. Nf3 e6 2. c4 Nf6 3. b3 Nc6 4. Bb2 Be7 5. d4 Ne4 6. Nbd2 Bb4 7. a3 Bxd2+ 8.
Nxd2 Nxd2 9. Qxd2 O-O 10. d5 Ne7 11. e4 Ng6 12. h4 Nxh4 13. Qc3 e5 14. Qxe5 f6
15. Qh5 Ng6 16. Qxh7+ Kf7 17. Rh6 Ne5 18. Be2 Ke7 19. Bxe5 fxe5 20. Qxg7+ Rf7
21. Qxe5+ Kf8 22. Rh8# 1-0

[Event "I Open"]
[Site "Bolzano - Bozen ITA"]
[Date "2006.05.20"]
[Round "1"]
[White "Dissertori, Martin"]
[Black "Bevilacqua, Maurizio"]
[Result "0-1"]
[WhiteElo "1487"]
[BlackElo "2152"]
[PlyCount "72"]
[EventDate "2006.05.20"]

1. e4 c5 2. Nf3 d6 3. d4 cxd4 4. Nxd4 Nf6 5. Nc3 a6 6. Bg5 Qb6 7. Bxf6 gxf6 8.
Nb3 Nc6 9. Nd5 Qd8 10. Bc4 e6 11. Ne3 b5 12. Be2 Bb7 13. Bd3 Qb6 14. Qh5 Ne5
15. Ng4 Nxg4 16. Qxg4 h5 17. Qf4 Ke7 18. c3 Bh6 19. Qh4 Bg5 20. Qh3 e5 21. Nd2
Rag8 22. Nf3 Bc8 23. Nxg5 Bxh3 24. Nxh3 Rxg2 25. O-O-O b4 26. cxb4 Rc8+ 27. Kb1
Qxb4 28. Bf1 Qxe4+ 29. Bd3 Qg4 30. Bxa6 Rc5 31. Rd3 Qa4 32. b4 Qxa6 33. Re3 Rd5
34. Nf4 Rd2 35. a3 Rgxf2 36. Nxh5 Rf1+ 0-1

[Event "I Open"]
[Site "Bolzano - Bozen ITA"]
[Date "2006.05.20"]
[Round "1"]
[White "Gibitz, Othmar"]
[Black "Demetz, Ernst"]
[Result "1-0"]
[WhiteElo "1500"]
[BlackElo "1404"]
[PlyCount "61"]
[EventDate "2006.05.20"]

1. e4 c5 2. Nf3 e6 3. e5 Nc6 4. c3 g6 5. Bb5 Bg7 6. Bxc6 dxc6 7. O-O f5 8. exf6
Bxf6 9. Re1 e5 10. Nxe5 Bxe5 11. Rxe5+ Ne7 12. d4 O-O 13. Bg5 Re8 14. Qe2 Kf7
15. Qf3+ Bf5 16. g4 Qd7 17. Bxe7 Rxe7 18. Rxe7+ Kxe7 19. gxf5 Rf8 20. Qe4+ Kd8
21. Qe6 Qc7 22. dxc5 gxf5 23. Qd6+ Qxd6 24. cxd6 f4 25. Nd2 Rg8+ 26. Kf1 Kd7
27. Ne4 Rf8 28. f3 b5 29. Rd1 h5 30. Nc5+ Kd8 31. Ne6+ 1-0

[Event "I Open"]
[Site "Bolzano - Bozen ITA"]
[Date "2006.05.20"]
[Round "1"]
[White "Wieser, Josef"]
[Black "Pichler, Klaus"]
[Result "0-1"]
[WhiteElo "1434"]
[BlackElo "1542"]
[PlyCount "66"]
[EventDate "2006.05.20"]

1. e4 d5 2. exd5 Qxd5 3. Nc3 Qd6 4. Nf3 Nf6 5. Bc4 Bg4 6. O-O Nc6 7. d4 O-O-O
8. Bxf7 Nxd4 9. Qxd4 Qxd4 10. Nxd4 Rxd4 11. Nb5 Rd7 12. h3 Be2 13. Be6 Bxb5 14.
Bxd7+ Nxd7 15. Rd1 e5 16. Be3 Bd6 17. b3 Bc6 18. f3 Rf8 19. Rf1 Nf6 20. Rad1 b6
21. f4 Nd5 22. Bc1 exf4 23. c4 Bc5+ 24. Kh1 Ne3 25. Bxe3 Bxe3 26. Kh2 a5 27. a3
Bc5 28. Ra1 Bd6 29. Kg1 Rf6 30. b4 axb4 31. axb4 Bxb4 32. g3 fxg3 33. Rxf6 Bc5+
0-1

[Event "I Open"]
[Site "Bolzano - Bozen ITA"]
[Date "2006.05.21"]
[Round "2"]
[White "Gerstl, Karl"]
[Black "Gibitz, Othmar"]
[Result "1-0"]
[WhiteElo "1841"]
[BlackElo "1500"]
[PlyCount "89"]
[EventDate "2006.05.20"]

1. e4 e5 2. Nf3 f5 3. exf5 Nc6 4. d4 exd4 5. Nxd4 Nxd4 6. Qxd4 d6 7. Bd3 Qf6 8.
Qxf6 Nxf6 9. O-O Be7 10. Re1 Kf7 11. h3 g6 12. fxg6+ hxg6 13. Bxg6+ Kxg6 14.
Rxe7 Bxh3 15. gxh3 Rxh3 16. Re3 Rh5 17. Rg3+ Kf5 18. Nc3 Rah8 19. Kf1 Ng4 20.
Rg1 Rh2 21. Nd1 Ne5 22. Ke2 Re8 23. Ne3+ Ke4 24. Nf1 Rh3 25. Ng3+ Kd5 26. Be3
Rh7 27. Rad1+ Kc6 28. Rh1 Rf7 29. Rh5 Ng4 30. Rf5 Rfe7 31. Rd3 Ne5 32. Rc3+ Kd7
33. Nh5 Kc8 34. Rg5 c5 35. Rg7 Re6 36. Rb3 Nd7 37. Ra3 a6 38. Nf4 Re5 39. Rd3
Kc7 40. Rg6 Rf5 41. Ne6+ Kb8 42. Ng7 Ne5 43. Nxe8 Nxg6 44. Nxd6 Re5 45. Kf1 1-0

[Event "I Open"]
[Site "Bolzano - Bozen ITA"]
[Date "2006.05.21"]
[Round "2"]
[White "Pichler, Klaus"]
[Black "Bonagura, Stefano"]
[Result "0-1"]
[WhiteElo "1542"]
[BlackElo "1980"]
[PlyCount "80"]
[EventDate "2006.05.20"]

1. f4 Nf6 2. e3 d5 3. b3 Bf5 4. Nf3 h6 5. Bb2 e6 6. Ne5 Nbd7 7. Be2 Bd6 8. Na3
c6 9. c4 O-O 10. O-O Qe7 11. Nc2 Ne4 12. Nxd7 Qxd7 13. Nd4 Bh7 14. d3 Nf6 15.
Rf3 Rfe8 16. Nc2 Qe7 17. Qd2 dxc4 18. bxc4 Rad8 19. Qc3 e5 20. fxe5 Bxe5 21.
Qxe5 Qxe5 22. Bxe5 Rxe5 23. e4 Re7 24. Rb1 Rde8 25. Rf2 Bxe4 26. Rxf6 gxf6 27.
dxe4 Rxe4 28. Bd3 R4e7 29. Kf2 Rd8 30. Rd1 Kg7 31. Ne3 Re5 32. g4 Ra5 33. Rd2
h5 34. h3 hxg4 35. hxg4 Ra3 36. Ke2 Rh8 37. Kd1 Rh1+ 38. Nf1 Rxd3 39. Rxd3
Rxf1+ 40. Kc2 Rf4 0-1

[Event "I Open"]
[Site "Bolzano - Bozen ITA"]
[Date "2006.05.21"]
[Round "2"]
[White "Rigo, Gianfrancesco"]
[Black "Spornberger, Maximilian"]
[Result "1/2-1/2"]
[WhiteElo "2026"]
[BlackElo "1590"]
[PlyCount "55"]
[EventDate "2006.05.20"]

1. e4 d5 2. exd5 Qxd5 3. Nc3 Qd6 4. d4 Nf6 5. Nf3 Bg4 6. h3 Bh5 7. g4 Bg6 8.
Ne5 Nbd7 9. Bf4 Nxe5 10. Bxe5 Qb6 11. Nb5 Rc8 12. c4 a6 13. c5 Qc6 14. Qa4 Qxh1
15. Bxf6 axb5 16. Qxb5+ Qc6 17. Be5 Qxb5 18. Bxb5+ c6 19. Bc4 f6 20. Be6 Rd8
21. Bc7 Rxd4 22. f3 Bf7 23. Bc8 Rb4 24. Bb6 Rxb2 25. O-O-O Rxb6 26. Bd7+ Kd8
27. Be6+ Ke8 28. Bd7+ 1/2-1/2

[Event "I Open"]
[Site "Bolzano - Bozen ITA"]
[Date "2006.05.21"]
[Round "2"]
[White "Rinaldo, Gaetano"]
[Black "Hellweger, Stefan"]
[Result "0-1"]
[WhiteElo "1727"]
[BlackElo "1688"]
[PlyCount "84"]
[EventDate "2006.05.20"]

1. e4 g6 2. d4 c5 3. Nf3 Bg7 4. c3 cxd4 5. cxd4 d6 6. h3 Nf6 7. Nc3 O-O 8. Bc4
a6 9. a4 Nc6 10. O-O Bd7 11. Be3 e6 12. Qd2 Rc8 13. Ba2 Nb4 14. Bb1 d5 15. e5
Ne8 16. Ne2 a5 17. Bh6 b5 18. Bxg7 Nxg7 19. g4 bxa4 20. Nc3 Rc4 21. Qh6 f6 22.
exf6 Qxf6 23. Ng5 Rfc8 24. Qxh7+ Kf8 25. Qxg6 Qxg6 26. Bxg6 Rxd4 27. Nf3 Rdc4
28. Ne5 R4c7 29. Rfd1 Ke7 30. f4 Rh8 31. Kg2 Nc6 32. Nxc6+ Bxc6 33. Nxa4 Kf6
34. Bd3 e5 35. fxe5+ Kxe5 36. Re1+ Kd6 37. Kg3 Rb8 38. Re2 Rb3 39. Nc3 d4 40.
Bc4 Rb4 41. b3 dxc3 42. Rd1+ Kc5 0-1

[Event "I Open"]
[Site "Bolzano - Bozen ITA"]
[Date "2006.05.21"]
[Round "2"]
[White "Scharrer, Isabel"]
[Black "Bernardi, Ruben"]
[Result "0-1"]
[WhiteElo "1589"]
[BlackElo "2119"]
[PlyCount "114"]
[EventDate "2006.05.20"]

1. d4 d5 2. Nf3 Nf6 3. e3 c6 4. Bd3 Bg4 5. O-O e6 6. Nbd2 Nbd7 7. Re1 Be7 8. c3
O-O 9. e4 dxe4 10. Nxe4 Qb6 11. Rb1 Rad8 12. Be3 Nd5 13. Bd2 c5 14. c4 N5f6 15.
Bc3 Nxe4 16. Bxe4 Nf6 17. Qd2 Nxe4 18. Rxe4 Bf5 19. Ba5 Qc6 20. Bxd8 Rxd8 21.
d5 Qd6 22. Rbe1 Bxe4 23. Rxe4 exd5 24. Qxd5 Qxd5 25. cxd5 Bf6 26. b3 Kf8 27.
Kf1 Rxd5 28. Rc4 b5 29. Rc2 Ke7 30. Nd2 Bd4 31. Ke2 Re5+ 32. Kf1 Rd5 33. Ne4 f5
34. Nd2 Bf6 35. f4 h6 36. g3 g5 37. Ke2 Kd6 38. Ke3 Bd4+ 39. Kd3 gxf4 40. gxf4
Bg1+ 41. Ke2 Bxh2 42. Ke3 Bg1+ 43. Kf3 Rd3+ 44. Ke2 Rg3 45. Nf1 Rg2+ 46. Kd3
Rxc2 47. Kxc2 Bf2 48. Kd3 Kd5 49. Nd2 Bd4 50. Nf3 Bf6 51. Nd2 h5 52. a3 h4 53.
Nf1 c4+ 54. bxc4+ bxc4+ 55. Kc2 Ke4 56. Nd2+ Kxf4 57. Nf1 h3 0-1

[Event "I Open"]
[Site "Bolzano - Bozen ITA"]
[Date "2006.05.21"]
[Round "3"]
[White "Bernardi, Ruben"]
[Black "Gerstl, Karl"]
[Result "1-0"]
[WhiteElo "2119"]
[BlackElo "1841"]
[PlyCount "61"]
[EventDate "2006.05.20"]

1. e4 c5 2. Nf3 d6 3. d4 cxd4 4. Nxd4 Nf6 5. Nc3 a6 6. Bc4 e6 7. Bb3 b5 8. Qe2
Nbd7 9. Bg5 Bb7 10. O-O-O Nc5 11. e5 Nxb3+ 12. axb3 h6 13. Bf4 Nd5 14. Nxd5
Bxd5 15. Nf5 dxe5 16. Qxe5 Qf6 17. Rxd5 Qxf5 18. Qxf5 exf5 19. Re1+ Be7 20. Bd6
Ra7 21. Rde5 O-O 22. Bxe7 Re8 23. Bc5 Rxe5 24. Rxe5 Rc7 25. Rxf5 Rc6 26. Be3
Re6 27. c4 Rc6 28. c5 b4 29. Bf4 Kf8 30. Bd6+ Kg8 31. Re5 1-0

[Event "I Open"]
[Site "Bolzano - Bozen ITA"]
[Date "2006.05.21"]
[Round "3"]
[White "Bonagura, Stefano"]
[Black "Paltrinieri, Nicholas"]
[Result "0-1"]
[WhiteElo "1980"]
[BlackElo "1799"]
[PlyCount "134"]
[EventDate "2006.05.20"]

1. d4 f5 2. g3 Nf6 3. Bg2 g6 4. c4 Bg7 5. Nf3 O-O 6. O-O d6 7. Nc3 Qe8 8. Bf4
Nc6 9. d5 Na5 10. Nb5 Qd8 11. Qa4 c5 12. Bd2 a6 13. Na3 b6 14. Bc3 Bd7 15. Qd1
b5 16. b4 cxb4 17. Bxb4 Nxc4 18. Nxc4 bxc4 19. Rc1 Qb6 20. Bc3 Rab8 21. Nd2
Rfc8 22. Ba1 Qa5 23. Bc3 Qc5 24. Ba1 Qa3 25. Nxc4 Qxa2 26. Ne3 Rxc1 27. Qxc1
Qxe2 28. Qc7 Rc8 29. Qa7 Qb5 30. Rd1 Rb8 31. Bf1 Qb6 32. Qxa6 Qxa6 33. Bxa6 Kf7
34. Rc1 Ne4 35. Bxg7 Kxg7 36. Rc7 Nf6 37. Bb7 Kf7 38. Bc6 Be8 39. Nc4 Kf8 40.
Kg2 g5 41. Ne3 Bg6 42. Nd1 h5 43. Nc3 Rb2 44. h3 Rb3 45. Ne2 Ne4 46. Nd4 Rb8
47. Ne6+ Kf7 48. Bb7 Kf6 49. h4 gxh4 50. gxh4 Bf7 51. Nd4 Rg8+ 52. Kf1 Rg4 53.
Nf3 Be8 54. Bc6 Bf7 55. Bb7 Nc5 56. Ba8 Nb3 57. Bb7 Nd4 58. Ng5 Bg6 59. Bc8
Rxh4 60. Ne6 Nxe6 61. dxe6 Rg4 62. f3 Rg5 63. Bd7 h4 64. Rc2 h3 65. Rh2 Rh5 66.
Kf2 f4 67. Bc8 Bf5 0-1

[Event "I Open"]
[Site "Bolzano - Bozen ITA"]
[Date "2006.05.21"]
[Round "3"]
[White "D'Ambrosio, Luca"]
[Black "Bevilacqua, Maurizio"]
[Result "0-1"]
[WhiteElo "1808"]
[BlackElo "2152"]
[PlyCount "100"]
[EventDate "2006.05.20"]

1. e4 c5 2. Nf3 e6 3. d4 cxd4 4. Nxd4 a6 5. Nc3 Qc7 6. Be2 Nf6 7. a3 Nc6 8. Be3
Bd6 9. h3 O-O 10. Qd2 Be5 11. O-O d5 12. exd5 exd5 13. Nf3 Be6 14. Nxe5 Qxe5
15. Bf4 Qf5 16. Bd3 Qh5 17. Be2 Qg6 18. Bg3 d4 19. Na2 Ne4 20. Qd3 Bf5 21. Qb3
b5 22. Bf4 Rfd8 23. Kh1 Nc5 24. Qf3 Bxc2 25. Rac1 Be4 26. Qg3 Qxg3 27. Bxg3 Nb3
28. Rcd1 Re8 29. Bd3 f5 30. f3 Bxd3 31. Rxd3 Re3 32. Rfd1 Rae8 33. Nc1 Rxd3 34.
Nxd3 Re2 35. Kg1 Kf7 36. Kf1 Re8 37. Re1 Rxe1+ 38. Kxe1 g5 39. Ne5+ Nxe5 40.
Bxe5 Ke6 41. Bg7 h5 42. Kd1 Kd5 43. Kc2 Nc5 44. b3 Ne6 45. Bh6 Ke5 46. g3 Kf6
47. h4 Kg6 48. Bxg5 Nxg5 49. hxg5 Kxg5 50. Kd3 f4 0-1

[Event "I Open"]
[Site "Bolzano - Bozen ITA"]
[Date "2006.05.21"]
[Round "3"]
[White "Dissertori, Martin"]
[Black "Demetz, Ernst"]
[Result "1-0"]
[WhiteElo "1487"]
[BlackElo "1404"]
[PlyCount "87"]
[EventDate "2006.05.20"]

1. e4 c5 2. Nf3 d6 3. d4 cxd4 4. Nxd4 e5 5. Bb5+ Bd7 6. Bxd7+ Qxd7 7. Nf5 g6 8.
Ne3 Nf6 9. Nc3 a6 10. Ned5 Nxd5 11. Nxd5 Qd8 12. h4 h6 13. Qf3 Bg7 14. Qc3 Nc6
15. Be3 O-O 16. Qd2 Kh7 17. h5 g5 18. O-O-O f6 19. g3 a5 20. f4 Rc8 21. fxg5
fxg5 22. Bb6 Qd7 23. Bxa5 Nxa5 24. Qxa5 Ra8 25. Nb6 Qg4 26. Nxa8 Qxe4 27. Nb6
Rf2 28. Qc3 Bf8 29. Qd3 Qxd3 30. Rxd3 e4 31. Re3 Rg2 32. Rf1 Kg8 33. Rfe1 d5
34. Nxd5 Rh2 35. g4 Bd6 36. Rxe4 Bf4+ 37. Nxf4 gxf4 38. Rxf4 Rh4 39. b3 Rh3 40.
Kb2 b5 41. Re7 Rg3 42. Ref7 Rg2 43. Rf8+ Kg7 44. R4f7# 1-0

[Event "I Open"]
[Site "Bolzano - Bozen ITA"]
[Date "2006.05.21"]
[Round "3"]
[White "Hellweger, Stefan"]
[Black "Rigo, Gianfrancesco"]
[Result "0-1"]
[WhiteElo "1688"]
[BlackElo "2026"]
[PlyCount "66"]
[EventDate "2006.05.20"]

1. e4 e6 2. d4 d5 3. exd5 exd5 4. Be2 Bd6 5. Nf3 Ne7 6. Nc3 c6 7. Bg5 Qc7 8.
Bh4 Bg4 9. Bg3 Bxg3 10. hxg3 Nd7 11. Qd2 O-O-O 12. O-O-O Ng6 13. Rde1 Nf6 14.
Nh4 Bxe2 15. Rxe2 Nxh4 16. Rxh4 Rhe8 17. Rh1 Rxe2 18. Nxe2 Ne4 19. Qe3 h6 20.
Nc3 Re8 21. Nxe4 Rxe4 22. Qd2 Qb6 23. c3 Qa6 24. Re1 Qxa2 25. Rxe4 dxe4 26. Qf4
Qe6 27. Kc2 g5 28. Qe3 a5 29. f4 g4 30. f5 Qxf5 31. Qxh6 e3+ 32. Kd1 Qb1+ 33.
Ke2 Qc2+ 0-1

[Event "I Open"]
[Site "Bolzano - Bozen ITA"]
[Date "2006.05.27"]
[Round "4"]
[White "Bevilacqua, Maurizio"]
[Black "Bernardi, Ruben"]
[Result "1-0"]
[WhiteElo "2152"]
[BlackElo "2119"]
[PlyCount "117"]
[EventDate "2006.05.20"]

1. d4 d5 2. Nf3 Nf6 3. e3 c6 4. Bd3 Bg4 5. c4 dxc4 6. Bxc4 e6 7. O-O Nbd7 8.
Nbd2 Be7 9. b3 O-O 10. Bb2 b5 11. Be2 Qb6 12. h3 Bf5 13. Nh4 Bg6 14. Nxg6 hxg6
15. Bf3 Rac8 16. Qe2 c5 17. Rfc1 Rfd8 18. g3 a6 19. h4 cxd4 20. Bxd4 Qa5 21.
Rxc8 Rxc8 22. Ne4 e5 23. Bb2 Nxe4 24. Bxe4 Nc5 25. Bd5 Rd8 26. Qf3 Bf6 27. e4
Qd2 28. Bc3 Qc2 29. Qe3 Nd3 30. Ba5 Rf8 31. Qd2 Qxd2 32. Bxd2 Rc8 33. Be3 Rc2
34. a4 b4 35. Bc4 Rc3 36. a5 Nb2 37. Bxa6 Rxb3 38. Rb1 Bd8 39. Bc1 Bxa5 40.
Rxb2 Ra3 41. Bd2 Ra1+ 42. Kg2 b3 43. Bxa5 Rxa5 44. Bb7 Kh7 45. Rxb3 f6 46. f4
Ra1 47. Kf3 exf4 48. gxf4 Rh1 49. Kg3 Re1 50. Rb5 Re3+ 51. Kg4 Rd3 52. h5 Kh6
53. hxg6 Kxg6 54. Rb1 Re3 55. Bd5 f5+ 56. exf5+ Kf6 57. Rb6+ Ke7 58. Re6+ Rxe6
59. fxe6 1-0

[Event "I Open"]
[Site "Bolzano - Bozen ITA"]
[Date "2006.05.27"]
[Round "4"]
[White "Demetz, Ernst"]
[Black "Mahlknecht, Hans"]
[Result "1-0"]
[WhiteElo "1404"]
[BlackElo "1563"]
[PlyCount "99"]
[EventDate "2006.05.20"]

1. e4 e5 2. Nf3 Nc6 3. Bc4 Be7 4. c3 Nf6 5. d3 O-O 6. Be3 d5 7. exd5 Nxd5 8.
Qd2 Nxe3 9. Qxe3 Bd6 10. O-O Na5 11. Bd5 c6 12. Be4 f5 13. b4 fxe4 14. Qxe4 Rf4
15. Qe2 Bg4 16. Nbd2 b5 17. bxa5 Qxa5 18. g3 Rf6 19. Qe4 Bxf3 20. Nxf3 Qc7 21.
a3 Raf8 22. Ng5 g6 23. Ra2 h6 24. Nh3 Kg7 25. c4 a6 26. Rc2 Qd7 27. Kg2 Bc5 28.
cxb5 Qd6 29. b6 Bxb6 30. Rb2 Bd4 31. Rb7+ R8f7 32. Rxf7+ Rxf7 33. a4 Qc5 34. f4
exf4 35. Nxf4 Rf6 36. Ne6+ Rxe6 37. Qxe6 Qd5+ 38. Qxd5 cxd5 39. Rb1 Bc3 40. Kf3
a5 41. Rb5 d4 42. Ke4 Kf6 43. h4 g5 44. Rb6+ Kg7 45. h5 Kh7 46. g4 Kg7 47. Kf5
Bb4 48. Rb7+ Kg8 49. Kf6 Ba3 50. Kg6 1-0

[Event "I Open"]
[Site "Bolzano - Bozen ITA"]
[Date "2006.05.27"]
[Round "4"]
[White "Gerstl, Karl"]
[Black "Dissertori, Martin"]
[Result "1-0"]
[WhiteElo "1841"]
[BlackElo "1487"]
[PlyCount "85"]
[EventDate "2006.05.20"]

1. e4 c5 2. Nf3 Nc6 3. d4 Nxd4 4. Nxd4 cxd4 5. Qxd4 d6 6. Bb5+ Bd7 7. Bxd7+
Qxd7 8. O-O e5 9. Qd3 Nf6 10. c4 g6 11. Bg5 Bg7 12. Bxf6 Bxf6 13. Nc3 O-O 14.
Rad1 Rfd8 15. b3 a6 16. Nd5 Qe6 17. Qf3 Bg7 18. Nc7 Qd7 19. Nxa8 Rxa8 20. Qd3
Rd8 21. h3 b6 22. Qe2 a5 23. Rd3 Bf8 24. Rfd1 Qc7 25. Rd5 f6 26. Qg4 Qd7 27.
Qxd7 Rxd7 28. f3 g5 29. Kf2 Kg7 30. a3 h5 31. g3 Kg6 32. a4 Be7 33. c5 bxc5 34.
Rxc5 Rb7 35. Rb5 Ra7 36. Ke2 Kf7 37. Rdd5 Rc7 38. Kd2 h4 39. g4 Bd8 40. Rxa5
Rb7 41. Rab5 Rxb5 42. Rxb5 Ke6 43. a5 1-0

[Event "I Open"]
[Site "Bolzano - Bozen ITA"]
[Date "2006.05.27"]
[Round "4"]
[White "Moroder, Richard"]
[Black "Hellweger, Stefan"]
[Result "0-1"]
[WhiteElo "1700"]
[BlackElo "1688"]
[PlyCount "99"]
[EventDate "2006.05.20"]

1. e4 d6 2. Nf3 g6 3. d4 Bg7 4. Nc3 Bg4 5. Be3 Nc6 6. Be2 e5 7. d5 Nb8 8. h3
Bxf3 9. Bxf3 Ne7 10. O-O O-O 11. Ne2 f5 12. Bg5 f4 13. c4 h6 14. Bxe7 Qxe7 15.
Bg4 Nd7 16. b4 a5 17. a3 h5 18. Be6+ Kh7 19. Nc3 Rf6 20. f3 Nf8 21. bxa5 Rxa5
22. Qd2 Rc5 23. Bc8 b6 24. Qd3 Ra5 25. Rfb1 Nd7 26. Bxd7 Qxd7 27. Rb5 Ra8 28.
a4 g5 29. Qe2 Rg6 30. Qf2 Bf6 31. Qe2 Rag8 32. a5 bxa5 33. Rbxa5 g4 34. hxg4
hxg4 35. fxg4 Rxg4 36. Qf3 Rxg2+ 37. Kh1 R2g6 38. R5a2 Rh6+ 39. Rh2 Rgg6 40.
Raa2 Bh4 41. Qh3 Qg7 42. Qf1 Bg3 43. Rxh6+ Rxh6+ 44. Kg2 Be1+ 45. Kf3 Qg3+ 46.
Ke2 Bxc3 47. Kd1 Rh2 48. Rxh2+ Qxh2 49. Qe2 Qxe2+ 50. Kxe2 0-1

[Event "I Open"]
[Site "Bolzano - Bozen ITA"]
[Date "2006.05.27"]
[Round "4"]
[White "Rigo, Gianfrancesco"]
[Black "Bonagura, Stefano"]
[Result "1/2-1/2"]
[WhiteElo "2026"]
[BlackElo "1980"]
[PlyCount "152"]
[EventDate "2006.05.20"]

1. e4 d6 2. d4 Nf6 3. Nc3 c6 4. f4 Qa5 5. Bd3 Bg4 6. Nf3 e5 7. fxe5 dxe5 8.
dxe5 Nfd7 9. Bc4 Bxf3 10. gxf3 Nxe5 11. Bb3 Be7 12. O-O Na6 13. f4 Ng6 14. Kh1
Nc5 15. Bc4 b5 16. Nxb5 cxb5 17. Bxf7+ Kf8 18. Qh5 Qa6 19. f5 Nxe4 20. fxg6 Nf6
21. Bd5 Rd8 22. gxh7 Rxd5 23. Qxd5 Ke8 24. Qd3 Qc6+ 25. Qf3 Qxc2 26. Bf4 Rxh7
27. Rf2 Qf5 28. Qc6+ Kf7 29. Bg3 Qd3 30. Rf3 Qe2 31. Rc1 Rh5 32. Qc3 Rc5 33.
Qb3+ Rc4 34. Re1 Qd2 35. Rd3 Qg5 36. Re5 Qc1+ 37. Rd1 Qc2 38. Rxb5 Qxb3 39.
Rxb3 Kg6 40. Kg2 Rc2+ 41. Kf3 Nh7 42. h4 Bf6 43. Rd7 Nf8 44. Rxa7 Ne6 45. Rb4
Rd2 46. Bf2 Rd3+ 47. Ke2 Rd5 48. Ra6 Nc7 49. Rc6 Re5+ 50. Kf3 Rf5+ 51. Kg2 Nd5
52. Rg4+ Kh5 53. Rcc4 Ne7 54. b4 Nc6 55. Rge4 Ne7 56. Rc5 Nd5 57. Bg3 Kg6 58.
a4 Kf7 59. a5 Be7 60. Rxe7+ Kxe7 61. a6 Ne3+ 62. Kh3 Rf3 63. a7 Nf1 64. Rg5 Ra3
65. Rxg7+ Kf6 66. Rg4 Ne3 67. Re4 Nf5 68. Rg4 Rxa7 69. Rc4 Ra3 70. Rg4 Rb3 71.
Kh2 Nxg3 72. Rxg3 Rxb4 73. Kh3 Rb1 74. Ra3 Kg6 75. Ra6+ Kh5 76. Ra5+ Kh6
1/2-1/2

[Event "I Open"]
[Site "Bolzano - Bozen ITA"]
[Date "2006.05.27"]
[Round "4"]
[White "Scharrer, Isabel"]
[Black "Kaserer, Hans-Peter"]
[Result "1-0"]
[WhiteElo "1589"]
[BlackElo "1980"]
[PlyCount "77"]
[EventDate "2006.05.20"]

1. d4 Nf6 2. Nf3 d5 3. c3 Bf5 4. Qb3 Qc8 5. Nbd2 e6 6. e3 Bd6 7. c4 dxc4 8.
Bxc4 c6 9. a4 Nbd7 10. O-O h6 11. Re1 Ne4 12. Nxe4 Bxe4 13. Bxe6 O-O 14. Nd2
Bg6 15. Bg4 Qc7 16. h3 Kh7 17. Nc4 Bh2+ 18. Kh1 f5 19. Bf3 Bf7 20. Qd3 Bd5 21.
e4 Bxc4 22. Qxc4 Rae8 23. e5 Nb6 24. Qc3 Bxe5 25. dxe5 Re6 26. Bd2 Rfe8 27. Be3
Nc8 28. Bd4 Ne7 29. Rad1 b6 30. b4 Rc8 31. g4 f4 32. Be4+ Kh8 33. Bf5 Nxf5 34.
gxf5 Ree8 35. e6 Qb7 36. f3 c5 37. bxc5 bxc5 38. Be5 Rf8 39. Rd7 1-0

[Event "I Open"]
[Site "Bolzano - Bozen ITA"]
[Date "2006.05.27"]
[Round "4"]
[White "Scola, Matteo"]
[Black "Pichler, Klaus"]
[Result "1/2-1/2"]
[WhiteElo "1884"]
[BlackElo "1542"]
[PlyCount "45"]
[EventDate "2006.05.20"]

1. d4 Nf6 2. c4 e5 3. dxe5 Ng4 4. Bf4 Nc6 5. Nf3 Bb4+ 6. Nbd2 Qe7 7. e3 Ncxe5
8. Nxe5 Nxe5 9. Be2 a5 10. a3 Bc5 11. Nb3 Bb6 12. Rc1 Ng6 13. Bg3 d6 14. O-O
O-O 15. Nd4 f5 16. Re1 Bd7 17. Bf3 Rae8 18. Nb5 Bc6 19. h3 Qf6 20. Bxc6 bxc6
21. Nc3 f4 22. exf4 Nxf4 23. Qd2 1/2-1/2

[Event "I Open"]
[Site "Bolzano - Bozen ITA"]
[Date "2006.05.27"]
[Round "5"]
[White "Bernardi, Ruben"]
[Black "Paltrinieri, Nicholas"]
[Result "1-0"]
[WhiteElo "2119"]
[BlackElo "1799"]
[PlyCount "101"]
[EventDate "2006.05.20"]

1. Nf3 f5 2. d3 Nf6 3. Nc3 d6 4. e4 Nc6 5. exf5 Bxf5 6. Bg5 e5 7. d4 exd4 8.
Nxd4 Nxd4 9. Qxd4 Be7 10. Bc4 a6 11. O-O-O Rf8 12. Rhe1 h6 13. Bxf6 Rxf6 14.
Nd5 Rf7 15. Nxe7 Rxe7 16. g4 Bd7 17. Qxg7 Bb5 18. Bf7+ Kd7 19. Be6+ Kc6 20.
Qxh6 Kb6 21. c4 Ba4 22. b3 Be8 23. Qe3+ c5 24. Qd2 Kc7 25. f4 a5 26. a4 Rh7 27.
Bf5 Rh8 28. g5 Bh5 29. Qd5 Ra6 30. Rd3 Qf8 31. Rde3 Rb6 32. h3 Kb8 33. Kc2 Bf7
34. Qd3 Qd8 35. Re7 Be8 36. Qc3 Bc6 37. Qf6 d5 38. Rd1 Bxa4 39. Qe5+ Ka7 40.
bxa4 Rb4 41. Rxd5 Qb6 42. Rxc5 Rxa4 43. Rb5 Qf2+ 44. Qe2 Rxc4+ 45. Kb3 Qxe2 46.
Rxe2 Rxf4 47. Re7 a4+ 48. Ka3 Ka6 49. Bd3 Rxh3 50. Rb3+ Ka7 51. Rbxb7+ 1-0

[Event "I Open"]
[Site "Bolzano - Bozen ITA"]
[Date "2006.05.27"]
[Round "5"]
[White "Bonagura, Stefano"]
[Black "Hellweger, Stefan"]
[Result "1-0"]
[WhiteElo "1980"]
[BlackElo "1688"]
[PlyCount "67"]
[EventDate "2006.05.20"]

1. d4 g6 2. c4 Bg7 3. Nf3 c6 4. Nc3 Nf6 5. Bg5 d5 6. cxd5 Nxd5 7. e4 Nb6 8. h3
O-O 9. Qd2 Qe8 10. Bd3 N8d7 11. a4 a5 12. O-O f6 13. Be3 e5 14. dxe5 fxe5 15.
Ne2 Rb8 16. Qxa5 Qd8 17. Qc3 Na8 18. Bc4+ Kh8 19. Ba7 Nc7 20. Bxb8 Nxb8 21. Qd2
Qe7 22. Ng5 h6 23. Nf7+ Kh7 24. Nd6 Bxh3 25. gxh3 Rd8 26. Rad1 Ne8 27. Nf5 Rxd2
28. Nxe7 Rxd1 29. Rxd1 Nf6 30. Bf7 Bf8 31. Nxg6 Bc5 32. Nxe5 Nxe4 33. Bg6+ Kg7
34. Bxe4 1-0

[Event "I Open"]
[Site "Bolzano - Bozen ITA"]
[Date "2006.05.27"]
[Round "5"]
[White "D'Ambrosio, Luca"]
[Black "Scharrer, Isabel"]
[Result "1-0"]
[WhiteElo "1808"]
[BlackElo "1589"]
[PlyCount "93"]
[EventDate "2006.05.20"]

1. e4 c5 2. Nf3 Nc6 3. d4 cxd4 4. Nxd4 e6 5. Nb5 Nf6 6. f3 Be7 7. Nd6+ Bxd6 8.
Qxd6 Qa5+ 9. c3 Qd8 10. Na3 Qe7 11. Nb5 Qxd6 12. Nxd6+ Ke7 13. Nxc8+ Raxc8 14.
Bg5 Rhd8 15. Bb5 d6 16. O-O h6 17. Bh4 g5 18. Bg3 d5 19. Rae1 dxe4 20. fxe4 Rd2
21. Rf2 Rcd8 22. Ree2 Rd1+ 23. Rf1 Nh5 24. Bc7 Rxf1+ 25. Kxf1 Rd7 26. Bxc6 Rxc7
27. Ba4 a6 28. Rd2 Rc4 29. Rd7+ Kf6 30. Bc2 b5 31. Rd6 a5 32. Bd3 Rc5 33. Rb6
Ke5 34. Rxb5 Rxb5 35. Bxb5 Kxe4 36. Be8 Nf4 37. Bxf7 Nd3 38. Bg6+ Ke3 39. Bxd3
Kxd3 40. Ke1 Kc4 41. Kd2 e5 42. b3+ Kc5 43. a4 h5 44. Ke3 Kd5 45. b4 axb4 46.
cxb4 Kc6 47. Ke4 1-0

[Event "I Open"]
[Site "Bolzano - Bozen ITA"]
[Date "2006.05.27"]
[Round "5"]
[White "Pichler, Klaus"]
[Black "Gibitz, Othmar"]
[Result "1-0"]
[WhiteElo "1542"]
[BlackElo "1500"]
[PlyCount "57"]
[EventDate "2006.05.20"]

1. f4 d5 2. b3 f6 3. Bb2 Bg4 4. Nf3 Nc6 5. e3 e6 6. Bb5 Nge7 7. h3 Bh5 8. g4
Bf7 9. g5 Nf5 10. gxf6 gxf6 11. Ng5 Qd7 12. Bxf6 Bg7 13. Bxg7 Nxg7 14. Nxf7
Qxf7 15. Nc3 a6 16. Bxc6+ bxc6 17. Qe2 Nf5 18. Rg1 h5 19. O-O-O Kd7 20. Na4 Qf6
21. Nc5+ Kd6 22. d4 Qh4 23. Rg6 Rhe8 24. Qf3 Re7 25. Rdg1 a5 26. a4 Rb8 27. Kd2
Rbe8 28. R1g5 Ra8 29. Rxf5 1-0